Mega Countries Quiz - Statistics

General Stats
  • This quiz has been taken 23 times
  • The average score is 44 of 45
Answer Stats
Question Tile Select % Correct
country that starts with S No
100%
country that starts with S No
100%
country that starts with S No
100%
country that starts with S No
100%
country that starts with S No
100%
country that starts with S No
100%
Country that starts with A No
100%
Country that starts with A No
100%
Country that starts with A No
100%
Country that starts with A Yes
100%
Country that starts with A No
100%
Country that starts with A No
100%
Country that starts with A No
100%
Country that starts with A No
100%
Country that starts with A No
100%
country that starts with S No
95%
country that starts with S Yes
95%
Country that starts with J No
95%
Country that starts with J Yes
95%
Country that starts with J No
95%
Country that starts with J No
95%
Country that starts with J No
95%
Country that starts with J No
95%
Country that starts with J No
95%
Country that starts with J No
95%
Country that starts with J No
95%
Country that starts with N No
95%
Country that starts with N No
95%
Country that starts with N Yes
95%
Country that starts with N No
95%
Country that starts with N No
95%
Country that starts with N No
95%
Country that starts with N No
95%
Country that starts with N No
95%
Country that starts with N No
95%
Country that starts with P No
95%
Country that starts with P No
95%
Country that starts with P No
95%
Country that starts with P No
95%
Country that starts with P No
95%
Country that starts with P No
95%
Country that starts with P No
95%
country that starts with S No
91%
Country that starts with P No
91%
Country that starts with P Yes
91%
No matching quizzes found
Score Distribution
Percent of People with Each Score
Percentile by Number Answered
Your Score History
You have not taken this quiz